|
|
|
|
| LEADER |
00804cam a2200229ua 4500 |
| 008 |
090504t1998||||||||||| 001 ||eng c |
| 020 |
|
|
|a 0-521-57214-2
|
| 041 |
0 |
|
|a eng
|
| 082 |
|
|
|a 382.17
|b STE/E
|
| 245 |
0 |
0 |
|a Economics of international transfers /
|
| 260 |
|
|
|a New Delhi:
|b Cambridge University Press,
|c 1998.
|
| 300 |
|
|
|a xii, 219p..
|
| 362 |
1 |
|
|a 1998.
|
| 365 |
|
|
|e hb
|
| 500 |
|
|
|a Includes index.
|
| 650 |
|
|
|a Balance of payment
|
| 650 |
0 |
|
|a Commerce
|
| 700 |
0 |
2 |
|a Brakman, Steven,
|
| 942 |
|
|
|c BK
|
| 999 |
|
|
|c 20823
|d 20823
|
| 952 |
|
|
|0 0
|1 0
|4 0
|6 382_170000000000000_STE
|7 0
|9 21976
|a KUCL
|b KUCL
|d 2014-05-23
|l 0
|o 382.17 STE/
|p 21168
|r 2014-05-23
|w 2014-05-23
|y BK
|
| 952 |
|
|
|0 0
|1 0
|4 0
|6 382_170000000000000_STE
|7 0
|9 21977
|a KUCL
|b KUCL
|d 2014-05-23
|l 5
|m 2
|o 382.17 STE/
|p 21701
|r 2020-09-07
|s 2020-08-12
|w 2014-05-23
|y BK
|